John Carpenter by Plot Description Quiz Stats

 Plays Quiz not verified by Sporcle

Score 0/19 Timer 10:00
0 Plays Today
% Correct
The Fog (1980)
87%
Big Trouble in Little China (1986)
86.4%
The Thing 1982)
84.7%
Christine (1983)
84.2%
Escape from New York (1981)
82.5%
Memoirs of an Invisible Man (1992)
82%
Halloween (1978)
81.4%
Assault on Precinct 13 (1976)
80.6%
Vampires (1998)
80.3%
Someone's Watching Me! (1978)
80.1%
% Correct
Village of the Damned (1995)
78.5%
Starman (1984)
75.5%
Ghosts of Mars (2001)
73.7%
They Live (1988)
71.6%
Dark Star (1974)
70.2%
The Ward (2010)
68.3%
Escape from L.A. (1996)
62%
In the Mouth of Madness (1995)
61.3%
Prince of Darkness (1987)
52.8%

You're not logged in!

Compare scores with friends on all Sporcle quizzes.
OR
Log In

Show Comments

Extras

Top Quizzes Today


Score Distribution

Your Account Isn't Verified!

In order to create a playlist on Sporcle, you need to verify the email address you used during registration. Go to your Sporcle Settings to finish the process.

Report this User

Report this user for behavior that violates our Community Guidelines.

Details: